000 00361nam a22001457a 4500
003 OSt
005 20160727222415.0
008 160625b xxu||||| |||| 00| 0 eng d
040 _cTEST
100 _91106
_a Barrett, T.V.B
245 _aGreat Morning of the World
260 _aN.Y
_b Abigden Press
_c1975
300 _aGreat Morning of the World
942 _2ddc
_cBK
999 _c891
_d891